000 00845nam a22002417a 4500
005 20110628104948.0
008 110628t xxu||||| |||| 00| 0 eng d
010 _aENG-102882
020 _a9788190809177
_c495.00
035 _aEN-86415
037 _bDBAD/PUB
040 _aDPL
_bEng
082 _a943.086092
100 _928897
_aHitler, Adolf
245 _aMein kampf :
_cby Adolf Hitler
_bmy struggle /
260 _aNew Delhi
_bAjay Book Service
_c2011
270 _a4215/1, Ansari Road,Darya Ganj,
_bNew Delhi
_e110 002
300 2 _a583p :
_c24cm (Hb)
_bill.
500 _aIncludes index
700 _928907
942 _2ddc
_cEN
_h943.086092
_mHIT
999 _c53530
_d53530